| 000 -LEADER |
| fixed length control field |
00709nam a2200253 4500 |
| 001 - CONTROL NUMBER |
| control field |
010650484 |
| 003 - CONTROL NUMBER IDENTIFIER |
| control field |
UkOxU |
| 005 - DATE AND TIME OF LATEST TRANSACTION |
| control field |
20230815100619.0 |
| 008 - FIXED-LENGTH DATA ELEMENTS--GENERAL INFORMATION |
| fixed length control field |
920723s1992 enkabch 000 0 eng d |
| 015 ## - NATIONAL BIBLIOGRAPHY NUMBER |
| National bibliography number |
GB 90-38026 |
| 020 ## - INTERNATIONAL STANDARD BOOK NUMBER |
| International Standard Book Number |
0199133050 (Pbk.) |
| 020 ## - INTERNATIONAL STANDARD BOOK NUMBER |
| International Standard Book Number |
9780199133055 |
| 035 ## - SYSTEM CONTROL NUMBER |
| System control number |
BNB issue 2199 |
| 040 ## - CATALOGING SOURCE |
| Transcribing agency |
KH8 |
| 043 ## - GEOGRAPHIC AREA CODE |
| Geographic area code |
e-uk--- |
| 082 ## - DEWEY DECIMAL CLASSIFICATION NUMBER |
| Classification number |
305.896 BYG |
| 100 1# - MAIN ENTRY--PERSONAL NAME |
| Personal name |
Bygott, David, |
| Relator term |
author. |
| 245 10 - TITLE STATEMENT |
| Title |
Black and British / |
| Statement of responsibility, etc. |
David Bygott. |
| 260 ## - PUBLICATION, DISTRIBUTION, ETC. |
| Place of publication, distribution, etc. |
Oxford : |
| Name of publisher, distributor, etc. |
Oxford University Press, |
| Date of publication, distribution, etc. |
1992. |
| 300 ## - PHYSICAL DESCRIPTION |
| Extent |
80 p : |
| Other physical details |
ill, coat of arms, facsims, maps, ports ; |
| Dimensions |
29 cm. |
| 504 ## - BIBLIOGRAPHY, ETC. NOTE |
| Bibliography, etc. note |
Includes index. |
| 650 #0 - SUBJECT ADDED ENTRY--TOPICAL TERM |
| Topical term or geographic name entry element |
Blacks in Great Britain |
| General subdivision |
Social conditions. |
| 942 ## - ADDED ENTRY ELEMENTS (KOHA) |
| Source of classification or shelving scheme |
|
| Koha item type |
Teaching Resources |